| 000 | 00497nam a2200181Ia 4500 | ||
|---|---|---|---|
| 005 | 20250326124123.0 | ||
| 008 | 250326s9999 xx 000 0 und d | ||
| 037 | _aTextbook | ||
| 040 |
_aFMSL _beng _cFMSL |
||
| 041 |
_aeng _2eng |
||
| 084 |
_aX:28 L7 _qFMSL |
||
| 100 |
_aMidgley D F _9736818 |
||
| 245 | 0 |
_aInnovation and new product marketing _cMidgley D F |
|
| 260 |
_aLondon _bLondon, Croom Helm _c1977 |
||
| 300 | _a296p | ||
| 942 |
_cTB _hX:28 L7 |
||
| 999 |
_c1272383 _d1272383 |
||